000 01151cab a22002175a 4500
001 L157722
008 130411e20130330xxk 000 0 eng d
035 _a(Sirsi) u157722
041 0 _aeng
100 1 _aDitchburn, Mathew
245 0 0 _aWithdrawal of privileges
260 _c2013
490 _aEstates Gazette
_v(1313) 30 March 2013, 69(1)
520 _aShould legal advice given by surveyors have to be disclosed in litigation? The Supreme Court in R (on the application of Prudential plc) v Special Commissioner of Income Tax [2013] UKSC 1 concluded by a majority of five to two that legal advice privilege should only apply to members of the legal profession and not to other professionals even if they routinely give legal advice. However the Supreme Court also said that this was a policy best left to Parliament to decide so this ruling may not have much of an immediate effect.
590 _aKA
650 2 4 _aThe Supreme Court in R (on the application of Prudential plc) v Special Commissioner of Income Tax [2013]
651 4 _aUnited Kingdom
690 _aBusiness and management
690 _aFinance and taxation
942 _n0
999 _c84446
_d84446